00984nam a22002655a 450000500170000000800410001702000180005804000380007608200220011410000320013624500920016826000630026030000370032350000250036050000280038559000180041365000240043165000330045565000280048865100100051665300250052694200080055199900170055995201420057620161116114157.0161113t2016 nyua fr 001 0 eng d a9781498725491 aEG-ScBUEbengcEG-ScBUEdEG-ScBUE04a025.0422bSHI2221 aShivakumar, Shailesh Kumar.12aA complete guide to portals and user experience platforms /cShailesh Kumar Shivakumar. aBoca Raton :bCRC Press / Taylor & Francis Group,cc.2016. axxxiii, 487 p. :bIll. ;c25 cm. aIndex : p. 481-487.  aAppendix : p. 471-478.  aSuzan Ashmawy 7aWeb portals.2BUEsh 7aWeb site development.2BUEsh 7aUser interfaces.2BUEsh 2BUEsh bCOMSCIcNovember2016 2ddc c23094d23066 00102ddc40708AlahramaMAINbMAINcLOWd2016-11-13ePurchaseg781.00h113l0o025.0422 SHIp000045093r2025-07-15 00:00:00v976.25yBB